<?xml version="1.0" encoding="UTF-8"?>
<record
    xmlns:xsi="http://www.w3.org/2001/XMLSchema-instance"
    xsi:schemaLocation="http://www.loc.gov/MARC21/slim http://www.loc.gov/standards/marcxml/schema/MARC21slim.xsd"
    xmlns="http://www.loc.gov/MARC21/slim">

  <leader>02472nam a22002537a 4500</leader>
  <controlfield tag="003">NALT</controlfield>
  <controlfield tag="005">20260106142734.0</controlfield>
  <controlfield tag="008">251223b        th ||||| |||| 00| 0 tha d</controlfield>
  <datafield tag="020" ind1=" " ind2=" ">
    <subfield code="a">9789740219828</subfield>
  </datafield>
  <datafield tag="040" ind1=" " ind2=" ">
    <subfield code="a">&#xE4C;NALT</subfield>
  </datafield>
  <datafield tag="050" ind1=" " ind2=" ">
    <subfield code="a">HC 445</subfield>
    <subfield code="b">&#xE2A;258&#xE28; 2568</subfield>
  </datafield>
  <datafield tag="100" ind1="0" ind2=" ">
    <subfield code="a">&#xE2A;&#xE21;&#xE1B;&#xE23;&#xE30;&#xE27;&#xE34;&#xE13; &#xE21;&#xE31;&#xE19;&#xE1B;&#xE23;&#xE30;&#xE40;&#xE2A;&#xE23;&#xE34;&#xE10;</subfield>
    <subfield code="9">33883</subfield>
  </datafield>
  <datafield tag="245" ind1="1" ind2="0">
    <subfield code="a">&#xE40;&#xE28;&#xE23;&#xE29;&#xE10;&#xE01;&#xE34;&#xE08;&#xE44;&#xE17;&#xE22;&#xE09;&#xE1A;&#xE31;&#xE1A;&#xE17;&#xE32;&#xE07;&#xE23;&#xE2D;&#xE14; /</subfield>
    <subfield code="c">&#xE2A;&#xE21;&#xE1B;&#xE23;&#xE30;&#xE27;&#xE34;&#xE13; &#xE21;&#xE31;&#xE19;&#xE1B;&#xE23;&#xE30;&#xE40;&#xE2A;&#xE23;&#xE34;&#xE10;, &#xE01;&#xE49;&#xE2D;&#xE07;&#xE20;&#xE1E; &#xE27;&#xE07;&#xE28;&#xE4C;&#xE41;&#xE01;&#xE49;&#xE27;.</subfield>
  </datafield>
  <datafield tag="250" ind1=" " ind2=" ">
    <subfield code="a">&#xE1E;&#xE34;&#xE21;&#xE1E;&#xE4C;&#xE04;&#xE23;&#xE31;&#xE49;&#xE07;&#xE41;&#xE23;&#xE01;.</subfield>
  </datafield>
  <datafield tag="260" ind1=" " ind2=" ">
    <subfield code="a">&#xE01;&#xE23;&#xE38;&#xE07;&#xE40;&#xE17;&#xE1E;&#xE2F; : </subfield>
    <subfield code="b">&#xE21;&#xE15;&#xE34;&#xE0A;&#xE19;, </subfield>
    <subfield code="c">2568.</subfield>
  </datafield>
  <datafield tag="300" ind1=" " ind2=" ">
    <subfield code="a">351 &#xE2B;&#xE19;&#xE49;&#xE32; :</subfield>
    <subfield code="b">&#xE20;&#xE32;&#xE1E;&#xE1B;&#xE23;&#xE30;&#xE01;&#xE2D;&#xE1A;, &#xE41;&#xE1C;&#xE19;&#xE20;&#xE39;&#xE21;&#xE34; ;</subfield>
    <subfield code="c">24 &#xE0B;&#xE21;.</subfield>
  </datafield>
  <datafield tag="505" ind1="2" ind2=" ">
    <subfield code="a">&#xE1A;&#xE17;&#xE19;&#xE33;: &#xE40;&#xE28;&#xE23;&#xE29;&#xE10;&#xE01;&#xE34;&#xE08;&#xE44;&#xE17;&#xE22;&#xE17;&#xE35;&#xE48;&#xE2A;&#xE23;&#xE49;&#xE32;&#xE07;&#xE04;&#xE27;&#xE32;&#xE21;&#xE2B;&#xE21;&#xE32;&#xE22;&#xE41;&#xE2B;&#xE48;&#xE07;&#xE0A;&#xE35;&#xE27;&#xE34;&#xE15; -- &#xE40;&#xE28;&#xE23;&#xE29;&#xE10;&#xE01;&#xE34;&#xE08;&#xE44;&#xE17;&#xE22;&#xE42;&#xE25;&#xE01; 2 &#xE43;&#xE48;&#xE1A; --
1 &#xE1B;&#xE31;&#xE08;&#xE08;&#xE31;&#xE22;&#xE20;&#xE32;&#xE22;&#xE19;&#xE2D;&#xE01;&#xE17;&#xE35;&#xE48;&#xE17;&#xE49;&#xE32;&#xE17;&#xE32;&#xE22; -- 2 &#xE40;&#xE28;&#xE23;&#xE29;&#xE10;&#xE01;&#xE34;&#xE08;&#xE44;&#xE17;&#xE22;&#xE20;&#xE32;&#xE22;&#xE43;&#xE19;&#xE17;&#xE35;&#xE48;&#xE22;&#xE32;&#xE01;&#xE02;&#xE36;&#xE49;&#xE19; -- 3 &#xE40;&#xE28;&#xE23;&#xE29;&#xE10;&#xE01;&#xE34;&#xE08;&#xE44;&#xE17;&#xE22;&#xE20;&#xE32;&#xE22;&#xE43;&#xE15;&#xE49;&#xE1B;&#xE31;&#xE0D;&#xE2B;&#xE32;&#xE40;&#xE0A;&#xE34;&#xE07;&#xE42;&#xE04;&#xE23;&#xE07;&#xE2A;&#xE23;&#xE49;&#xE32;&#xE07; -- &#xE2A;&#xE23;&#xE49;&#xE32;&#xE07;&#xE2A;&#xE21;&#xE14;&#xE38;&#xE25;&#xE43;&#xE2B;&#xE49;&#xE42;&#xE25;&#xE01; 2 &#xE43;&#xE1A; -- 4 &#xE2A;&#xE21;&#xE14;&#xE38;&#xE25;&#xE23;&#xE32;&#xE22;&#xE44;&#xE14;&#xE49;&#xE01;&#xE31;&#xE1A;&#xE23;&#xE32;&#xE22;&#xE08;&#xE48;&#xE32;&#xE22; -- 5 &#xE2A;&#xE21;&#xE14;&#xE38;&#xE25;&#xE23;&#xE30;&#xE2B;&#xE27;&#xE48;&#xE32;&#xE07;&#xE20;&#xE32;&#xE22;&#xE19;&#xE2D;&#xE01;&#xE01;&#xE31;&#xE1A;&#xE20;&#xE32;&#xE22;&#xE43;&#xE19; -- 6 &#xE2A;&#xE21;&#xE14;&#xE38;&#xE25;&#xE23;&#xE30;&#xE2B;&#xE27;&#xE48;&#xE32;&#xE07;&#xE1C;&#xE25;&#xE15;&#xE2D;&#xE1A;&#xE41;&#xE17;&#xE19;&#xE01;&#xE31;&#xE1A;&#xE04;&#xE27;&#xE32;&#xE21;&#xE40;&#xE2A;&#xE35;&#xE48;&#xE22;&#xE07;&#xE43;&#xE19;&#xE20;&#xE32;&#xE04;&#xE01;&#xE32;&#xE23;&#xE40;&#xE07;&#xE34;&#xE19; -- &#xE23;&#xE32;&#xE01;&#xE10;&#xE32;&#xE19;&#xE02;&#xE2D;&#xE07;&#xE01;&#xE32;&#xE23;&#xE40;&#xE1B;&#xE25;&#xE35;&#xE48;&#xE22;&#xE19;&#xE41;&#xE1B;&#xE25;&#xE07; -- 7 &#xE01;&#xE32;&#xE23;&#xE08;&#xE31;&#xE14;&#xE2A;&#xE23;&#xE23;&#xE17;&#xE23;&#xE31;&#xE1E;&#xE22;&#xE32;&#xE01;&#xE23;&#xE2A;&#xE32;&#xE18;&#xE32;&#xE23;&#xE13;&#xE30;&#xE41;&#xE25;&#xE30;&#xE01;&#xE32;&#xE23;&#xE21;&#xE35;&#xE2A;&#xE48;&#xE27;&#xE19;&#xE23;&#xE48;&#xE27;&#xE21;&#xE02;&#xE2D;&#xE07;&#xE20;&#xE32;&#xE04;&#xE1B;&#xE23;&#xE30;&#xE0A;&#xE32;&#xE0A;&#xE19; -- 8 &#xE1A;&#xE17;&#xE1A;&#xE32;&#xE17;&#xE02;&#xE2D;&#xE07;&#xE20;&#xE32;&#xE04;&#xE23;&#xE31;&#xE10;&#xE43;&#xE19;&#xE01;&#xE32;&#xE23;&#xE08;&#xE31;&#xE14;&#xE2A;&#xE23;&#xE23;&#xE17;&#xE23;&#xE31;&#xE1E;&#xE22;&#xE32;&#xE01;&#xE23;&#xE2A;&#xE32;&#xE18;&#xE32;&#xE23;&#xE13;&#xE30; -- 9 &#xE01;&#xE32;&#xE23;&#xE1B;&#xE0F;&#xE34;&#xE23;&#xE39;&#xE1B;&#xE40;&#xE28;&#xE23;&#xE29;&#xE10;&#xE01;&#xE34;&#xE08;&#xE2D;&#xE22;&#xE48;&#xE32;&#xE07;&#xE44;&#xE23;&#xE43;&#xE2B;&#xE49;&#xE2A;&#xE31;&#xE21;&#xE24;&#xE17;&#xE18;&#xE34;&#xE1C;&#xE25; -- &#xE1A;&#xE17;&#xE2A;&#xE48;&#xE07;&#xE17;&#xE49;&#xE32;&#xE22;: &#xE40;&#xE23;&#xE32;&#xE08;&#xE30;&#xE40;&#xE1B;&#xE25;&#xE35;&#xE48;&#xE22;&#xE19;&#xE40;&#xE28;&#xE23;&#xE29;&#xE10;&#xE01;&#xE34;&#xE08;&#xE44;&#xE17;&#xE22;&#xE44;&#xE14;&#xE49;&#xE2D;&#xE22;&#xE48;&#xE32;&#xE07;&#xE44;&#xE23;.</subfield>
  </datafield>
  <datafield tag="651" ind1=" " ind2="4">
    <subfield code="a">&#xE44;&#xE17;&#xE22;</subfield>
    <subfield code="x">&#xE20;&#xE32;&#xE27;&#xE30;&#xE40;&#xE28;&#xE23;&#xE29;&#xE10;&#xE01;&#xE34;&#xE08;</subfield>
    <subfield code="9">3477</subfield>
  </datafield>
  <datafield tag="700" ind1="0" ind2=" ">
    <subfield code="a">&#xE01;&#xE49;&#xE2D;&#xE07;&#xE20;&#xE1E; &#xE27;&#xE07;&#xE28;&#xE4C;&#xE41;&#xE01;&#xE49;&#xE27;</subfield>
    <subfield code="9">67211</subfield>
  </datafield>
  <datafield tag="942" ind1=" " ind2=" ">
    <subfield code="c">GB</subfield>
    <subfield code="2">lcc</subfield>
  </datafield>
  <datafield tag="996" ind1=" " ind2=" ">
    <subfield code="a">jidapa.t</subfield>
    <subfield code="b">ACQSTF</subfield>
    <subfield code="c">2025-12-23</subfield>
  </datafield>
  <datafield tag="996" ind1=" " ind2=" ">
    <subfield code="a">varee.k</subfield>
    <subfield code="b">LIBSTF</subfield>
    <subfield code="c">2025-12-24</subfield>
  </datafield>
  <datafield tag="996" ind1=" " ind2=" ">
    <subfield code="a">saiphon.d</subfield>
    <subfield code="b">CATSTF	</subfield>
    <subfield code="c">2026-01-06</subfield>
  </datafield>
  <datafield tag="999" ind1=" " ind2=" ">
    <subfield code="c">107603</subfield>
    <subfield code="d">107603</subfield>
  </datafield>
  <datafield tag="998" ind1=" " ind2=" ">
    <subfield code="j">104</subfield>
    <subfield code="k"> &#xE19;&#xE32;&#xE07;&#xE2A;&#xE32;&#xE27;&#xE2A;&#xE32;&#xE22;&#xE1D;&#xE19;  &#xE14;&#xE35;&#xE07;&#xE32;&#xE21;</subfield>
  </datafield>
  <datafield tag="952" ind1=" " ind2=" ">
    <subfield code="0">0</subfield>
    <subfield code="1">0</subfield>
    <subfield code="2">lcc</subfield>
    <subfield code="4">0</subfield>
    <subfield code="7">0</subfield>
    <subfield code="8">CGBL</subfield>
    <subfield code="a">NALT</subfield>
    <subfield code="b">NALT</subfield>
    <subfield code="c">GEN</subfield>
    <subfield code="d">2025-12-23</subfield>
    <subfield code="e">20</subfield>
    <subfield code="l">0</subfield>
    <subfield code="o">HC 445 &#xE2A;258&#xE28; 2568</subfield>
    <subfield code="p">3961216006</subfield>
    <subfield code="r">2025-12-23 00:00:00</subfield>
    <subfield code="w">2025-12-23</subfield>
    <subfield code="y">GB</subfield>
  </datafield>
</record>
